| 000 | 00659nam a2200229Ia 4500 | ||
|---|---|---|---|
| 003 | OSt | ||
| 005 | 20220928113049.0 | ||
| 006 | a|||||r|||| 00| 0 | ||
| 007 | ta | ||
| 008 | 220927b |||||||| |||| 00| 0 eng d | ||
| 024 | _a64410 | ||
| 037 | _cTextual | ||
| 040 |
_aSDCL _cSDCL _beng |
||
| 041 |
_2eng _aeng |
||
| 082 | _aZ(Q7), L2 | ||
| 100 |
_aLokhandwalla S. T. Ed. _9431472 |
||
| 245 | 0 | _aKitab ikhtilaf usuli'l-madhajib qadi nu'man B. Muhammad | |
| 260 |
_aSimla _bIndian Institute of Advanced study _c1972 |
||
| 300 |
_aVarious Pagenation _ccm. |
||
| 942 |
_hZ(Q7), L2 _cTEXL _2CC |
||
| 999 |
_c747922 _d747922 |
||